000 00447nam a2200133Ia 4500
008 220204s9999 xx 000 0 und d
082 _a631.4+631.8(540):016
_bGUH
245 0 _aBibliography of soil science and fertilizers with preference to India.
260 _aDelhi
_bManager of Publications
_c1954
490 _aIndian council of agricultural research, bulletin; no. 74
650 _aSoil Bibliography
700 _aGUHA ROY, K K
942 _cBK
999 _c19560
_d19560